No 'Republic' Needed - Statistics

General Stats
  • This quiz has been taken 16 times
  • The average score is 44 of 63
Answer Stats
Official name Country % Correct
Kingdom of the ___________ Kingdom of the Netherlands
100%
Commonwealth of _________ Commonwealth of Australia
92%
_____ Japan
92%
Kingdom of _______ Kingdom of Bahrain
92%
Kingdom of _______ Kingdom of Belgium
92%
Kingdom of _______ Kingdom of Denmark
92%
Kingdom of ______ Kingdom of Norway
92%
Kingdom of _____ ______ Kingdom of Saudi Arabia
92%
Kingdom of ______ Kingdom of Sweden
92%
___ _______ New Zealand
92%
Principality of ______ Principality of Monaco
92%
Sultanate of ____ Sultanate of Oman
92%
______ _______ of Great Britain and Northern Ireland United Kingdom of Great Britain and Northern Ireland
92%
Kingdom of ________ Kingdom of Cambodia
85%
Kingdom of _____ Kingdom of Spain
85%
Kingdom of _____ Kingdom of Tonga
85%
Nation of ______, the Abode of Peace Nation of Brunei, the Abode of Peace
85%
Principality of _______ Principality of Andorra
85%
Principality of _____________ Principality of Liechtenstein
85%
_______ Federation Russian Federation
85%
State of ______ State of Kuwait
85%
State of _____ State of Qatar
85%
Commonwealth of ___ _______ Commonwealth of The Bahamas
77%
Hashemite Kingdom of ______ Hashemite Kingdom of Jordan
77%
Kingdom of ______ Kingdom of Bhutan
77%
Kingdom of ________ Kingdom of Eswatini
77%
Kingdom of ________ Kingdom of Thailand
77%
________ Malaysia
77%
Plurinational State of _______ Plurinational State of Bolivia
77%
______ ______ of _______ United States of America
77%
Federation of _____ ___________ ___ _____ Federation of Saint Christopher and Nevis
69%
Grand Duchy of __________ Grand Duchy of Luxembourg
69%
_______ Iceland
69%
Independent State of _____ ___ ______ Independent State of Papua New Guinea
69%
Independent State of _____ Independent State of Samoa
69%
Kingdom of _______ Kingdom of Lesotho
69%
Kingdom of _______ Kingdom of Morocco
69%
_____ _____ Saint Lucia
69%
_____ _______ ___ ___ __________ Saint Vincent and the Grenadines
69%
United _______ States United Mexican States
69%
__________ Montenegro
62%
State of ______ State of Israel
62%
_____ Confederation Swiss Confederation
62%
_______ Ukraine
62%
______ ____ ________ United Arab Emirates
62%
_______ Jamaica
54%
________ Mongolia
54%
_______ _______ Solomon Islands
54%
State of _______ State of Eritrea
54%
State of _____ State of Libya
54%
______ Tuvalu
54%
_______ ____ State Vatican City State
54%
_______ ___ _______ Antigua and Barbuda
46%
Commonwealth of ________ Commonwealth of Dominica
46%
_______ Romania
46%
______ ___ ___________ Bosnia and Herzegovina
38%
_______ ____ Burkina Faso
38%
_______ Georgia
38%
_______ Grenada
38%
______ Belize
31%
_______ Hungary
31%
State of _________ State of Palestine
31%
Union of the _______ Union of the Comoros
31%
No matching quizzes found
Score Distribution
Percent of People with Each Score
Percentile by Number Answered
Your Score History
You have not taken this quiz